[Event "East Lansing (MOR/1b/19)"]
[Site "?"]
[Date "1993.??.??"]
[Round "?"]
[White "Zuniga, Jesus"]
[Black "Winkelspecht, A."]
[Result "0-1"]
[WhiteElo "1605"]
[BlackElo "1605"]
[PlyCount "92"]
[EventDate "1993.??.??"]

1. d4 c6 2. e4 d5 3. e5 Bf5 4. f4 c5 5. Bb5+ Nd7 6. c3 a6 7. Bxd7+ Qxd7 8. Nf3
e6 9. O-O cxd4 10. cxd4 Bb4 11. Bd2 Bxd2 12. Nbxd2 Ne7 13. Rc1 O-O 14. Nb3 b6
15. Qd2 a5 16. a3 Qb5 17. Na1 Nc6 18. b3 Rfc8 19. a4 Qd3 20. Qxd3 Bxd3 21. Rfe1
Nb4 22. Rxc8+ Rxc8 23. h4 Be4 24. Ng5 Bg6 25. g4 h5 26. gxh5 Bxh5 27. Rf1 Nd3
28. f5 exf5 29. e6 fxe6 30. Nxe6 Rc1 31. Rxc1 Nxc1 32. Nc7 Ne2+ 33. Kf2 Nxd4
34. Nxd5 Bf7 35. Nxb6 Nxb3 36. Nxb3 Bxb3 37. Kf3 Be6 38. Na8 Bd5+ 39. Kf4 Bxa8
40. Kxf5 Bc6 41. Ke5 Bxa4 42. Kd5 Bb3+ 43. Kc5 a4 44. Kb4 Kh7 45. Kc3 Kh6 46.
Kd2 Kh5 0-1

[Event "Gaylord (NMO/3/16)"]
[Site "?"]
[Date "1993.??.??"]
[Round "?"]
[White "Zuniga, Jesus"]
[Black "Snuske, R."]
[Result "0-1"]
[WhiteElo "1605"]
[BlackElo "1605"]
[PlyCount "70"]
[EventDate "1993.??.??"]

{3/(16)} 1. d4 Nf6 2. c4 g6 3. Nc3 Bg7 4. e4 d6 5. Nf3 Bg4 6. Be2 O-O 7. O-O
Nbd7 8. h3 Bxf3 9. Bxf3 e5 10. d5 Rc8 11. Qa4 Nc5 12. Qc2 a6 13. a4 a5 14. Be3
Na6 15. Ne2 Nb4 16. Qc1 c5 17. Nc3 Ne8 18. Bd1 Ra8 19. f4 exf4 20. Bxf4 Nd3 21.
Qd2 Nxf4 22. Rxf4 Be5 23. Rf3 Nf6 24. Qg5 Bxc3 25. bxc3 Nxe4 26. Qf4 Ng5 27. h4
Nxf3+ 28. Bxf3 f5 29. h5 Qf6 30. Rf1 Rae8 31. hxg6 hxg6 32. Qh6 Rf7 33. Qh3 Rh7
34. Qg3 Ree7 35. Qf4 Rh4 0-1

[Event "Eastpointe (MI Action/5/11)"]
[Site "?"]
[Date "1993.??.??"]
[Round "?"]
[White "Zuniga, Jesus"]
[Black "Skidmore, Mike"]
[Result "0-1"]
[WhiteElo "1605"]
[BlackElo "1920"]
[PlyCount "84"]
[EventDate "1993.??.??"]

{5/(11)} 1. d4 d5 2. c4 c6 3. Nc3 Nf6 4. e3 e6 5. Nf3 Nbd7 6. Be2 Bd6 7. c5 Be7
8. a3 e5 9. b4 e4 10. Nd2 O-O 11. O-O Re8 12. f3 exf3 13. Bxf3 Bf8 14. e4 dxe4
15. Ndxe4 h6 16. Re1 Nh7 17. Bb2 Ndf6 18. Nxf6+ Nxf6 19. Rxe8 Qxe8 20. Qe1 Be6
21. Ne4 Nd5 22. Nc3 Nf6 23. Ne4 Nd5 24. Nc3 Nf6 25. Ne4 Be7 26. Nc3 Rd8 27. Rd1
Rd7 28. Ne2 Qd8 29. Qf2 Nd5 30. g3 Bf6 31. Bg2 Bg5 32. Qf3 Ne3 33. Rd3 Bd5 34.
Qf2 Nxg2 35. Nc3 Bc4 36. Rd1 Be3 37. Kxg2 Bxf2 38. Kxf2 Rxd4 39. Re1 Rd2+ 40.
Kg1 Qd4+ 41. Kh1 Qf2 42. Ne2 Bd5# 0-1

[Event "East Lansing (MOR/6/40)"]
[Site "?"]
[Date "1993.??.??"]
[Round "?"]
[White "Zuniga, Jesus"]
[Black "Rostrom, Richard"]
[Result "0-1"]
[WhiteElo "1605"]
[BlackElo "1605"]
[PlyCount "90"]
[EventDate "1993.??.??"]

{6/(40)} 1. d4 Nf6 2. c4 c5 3. Nc3 cxd4 4. Qxd4 Nc6 5. Qd3 g6 6. f4 Bg7 7. Nf3
O-O 8. e4 d6 9. Be2 Bd7 10. O-O Rc8 11. Be3 a6 12. a3 Ng4 13. h3 Nxe3 14. Qxe3
Na5 15. Nd2 Nc6 16. Nf3 Be6 17. b4 Bd7 18. Rac1 Qe8 19. Qb6 Rb8 20. Rc2 Qd8 21.
Nd5 e6 22. Qxd8 Rfxd8 23. Nb6 Nd4 24. Rd2 Nxe2+ 25. Rxe2 Bc6 26. Rd1 Bf6 27. a4
d5 28. b5 dxe4 29. Rxd8+ Bxd8 30. bxc6 Bxb6+ 31. Kh2 exf3 32. gxf3 bxc6 33. Rd2
Be3 34. Rd7 Bxf4+ 35. Kg2 Rb2+ 36. Kf1 Rb4 37. a5 Ra4 38. Rb7 Rxa5 39. Rb6 c5
40. Rc6 Be3 41. Ke2 Bd4 42. Kd3 Ra3+ 43. Kd2 a5 44. Ra6 Bc3+ 45. Kc2 Bb4 0-1

[Event "Eastpointe (MI Action/2/15)"]
[Site "?"]
[Date "1993.??.??"]
[Round "?"]
[White "Zuniga, Jesus"]
[Black "Kamberi, Sonny"]
[Result "0-1"]
[WhiteElo "1605"]
[BlackElo "2040"]
[PlyCount "44"]
[EventDate "1993.??.??"]

{2/(15)} 1. d4 d5 2. c4 e6 3. Nc3 c6 4. e3 Nf6 5. a3 Be7 6. Nf3 O-O 7. Be2 dxc4
8. Bxc4 b5 9. Be2 Bb7 10. O-O Nbd7 11. Qc2 a6 12. b3 c5 13. Rd1 Qb6 14. dxc5
Nxc5 15. b4 Nce4 16. Rd3 Rac8 17. Bb2 Nxf2 18. Kxf2 Ng4+ 19. Kg1 Nxe3 20. Qc1
Ng4+ 21. Kh1 Nf2+ 22. Kg1 Nxd3+ 0-1

[Event "East Lansing (MOR/3/43)"]
[Site "?"]
[Date "1993.??.??"]
[Round "?"]
[White "Zuniga, Jesus"]
[Black "Hill, M."]
[Result "1-0"]
[WhiteElo "1605"]
[BlackElo "1605"]
[PlyCount "77"]
[EventDate "1993.??.??"]

{3/(43)} 1. d4 Nf6 2. c4 g6 3. Nc3 d5 4. e3 Bg7 5. Nf3 e6 6. Bd3 O-O 7. O-O b6
8. b3 Bb7 9. Bb2 Nbd7 10. Qc2 c5 11. Be2 Rc8 12. Nb5 Ne4 13. Nxa7 Rc7 14. Nb5
Rc8 15. dxc5 Bxb2 16. Qxb2 bxc5 17. Na7 Ra8 18. Nb5 Ba6 19. a4 Nb6 20. Rfd1 Qf6
21. Qxf6 Nxf6 22. cxd5 Nfxd5 23. Rac1 Rfc8 24. e4 Nb4 25. Rd2 Bb7 26. Nd6 Rc7
27. Nxb7 Rxb7 28. Bb5 Rc7 29. Ne5 Rac8 30. Bd7 Nxd7 31. Rxd7 Rxd7 32. Nxd7 Rc7
33. Nf6+ Kg7 34. e5 Nd3 35. Rc3 Nxe5 36. Ne4 Rd7 37. h3 f5 38. Nxc5 Rc7 39.
Nxe6+ 1-0

[Event "Gaylord (NMO/2/10)"]
[Site "?"]
[Date "1993.??.??"]
[Round "?"]
[White "Zuniga, Jesus"]
[Black "Croel, Duane"]
[Result "0-1"]
[WhiteElo "1605"]
[BlackElo "1820"]
[PlyCount "62"]
[EventDate "1993.??.??"]

{2/(10)} 1. e4 c5 2. Nf3 d6 3. Be2 Nc6 4. O-O Nf6 5. d3 e5 6. c4 Be7 7. Nc3 O-O
8. b3 Ne8 9. Nd5 f5 10. Nd2 f4 11. Nf3 g5 12. h3 Kh8 13. Nh2 Nf6 14. Nxf6 Bxf6
15. Ng4 Nd4 16. Bb2 Nxe2+ 17. Qxe2 Qe8 18. Nxf6 Rxf6 19. Kh2 h5 20. f3 Rh6 21.
g4 Qe6 22. Rg1 hxg4 23. fxg4 Rh4 24. Rg2 Qh6 25. Qf3 Be6 26. Rh1 Kg7 27. Kg1
Rh8 28. Kf1 Rxh3 29. Rxh3 Qxh3 30. Qxh3 Rxh3 31. Ke1 Rxd3 0-1

[Event "Flint (MI Jr/2)"]
[Site "?"]
[Date "1993.??.??"]
[Round "?"]
[White "Zuniga, Jesus"]
[Black "Boyer, Mike"]
[Result "0-1"]
[WhiteElo "1605"]
[BlackElo "1605"]
[PlyCount "66"]
[EventDate "1993.??.??"]

1. e4 e5 2. Nf3 Nf6 3. Nc3 d6 4. h3 a6 5. Bc4 h6 6. O-O Nc6 7. d4 exd4 8. Nxd4
Ne5 9. Bb3 Bd7 10. Bf4 Be7 11. Bxe5 dxe5 12. Nf3 Bd6 13. Re1 Qe7 14. Nd5 Nxd5
15. Bxd5 Rb8 16. a3 Qf6 17. Re3 c6 18. Bc4 Be7 19. Rd3 Rd8 20. c3 O-O 21. Qb3
Qg6 22. Nh2 b5 23. Rad1 bxc4 24. Qxc4 Be6 25. Qxc6 Bb3 26. R1d2 Qxc6 27. f3
Rxd3 28. Rxd3 Rd8 29. Re3 Bc5 30. Kf2 Rd2+ 31. Ke1 Bxe3 32. Ng4 Qc4 33. Nxe5
Qe2# 0-1

[Event "Eastpointe (MI Action/1/14)"]
[Site "?"]
[Date "1993.??.??"]
[Round "?"]
[White "Zuniga, Jesus"]
[Black "Aldrich, Jeff"]
[Result "1/2-1/2"]
[WhiteElo "1605"]
[BlackElo "1950"]
[PlyCount "96"]
[EventDate "1993.??.??"]

{1/(14)} 1. d4 d5 2. c4 e6 3. Nc3 Nf6 4. e3 a6 5. a3 Be7 6. Nf3 O-O 7. Be2 dxc4
8. Bxc4 b5 9. Be2 Bb7 10. O-O Nbd7 11. Qc2 c5 12. Rd1 Qc7 13. b3 Rac8 14. Bb2
cxd4 15. exd4 Nd5 16. Rac1 b4 17. axb4 Bxb4 18. Rd3 Qa5 19. Qd2 Rc6 20. Ne5
Nxe5 21. dxe5 Rfc8 22. Bf3 Bxc3 23. Bxc3 Rxc3 24. Rcxc3 Qxc3 25. Qxc3 Rxc3 26.
Rxc3 Nxc3 27. Bxb7 a5 28. Bc6 Ne2+ 29. Kf1 Nd4 30. Ba4 Kf8 31. Ke1 Ke7 32. Kd2
f6 33. exf6+ gxf6 34. Kd3 e5 35. f4 Kd6 36. fxe5+ fxe5 37. Ke4 Ke6 38. h3 h5
39. g4 hxg4 40. hxg4 Kf6 41. g5+ Kxg5 42. Kxe5 Nc2 43. Kd5 Kf6 44. Kc5 Ke5 45.
Kb5 Kd4 46. Kxa5 Kc3 47. Kb5 Na3+ 48. Kc5 Nc2 1/2-1/2

[Event "East Lansing (MI Op/3/35)"]
[Site "?"]
[Date "1993.??.??"]
[Round "?"]
[White "Zacks, Naum"]
[Black "Skidmore, Mike"]
[Result "1-0"]
[WhiteElo "1800"]
[BlackElo "1930"]
[PlyCount "67"]
[EventDate "1993.??.??"]

{3/(35)} 1. e4 c6 2. d4 d5 3. Nc3 dxe4 4. Nxe4 Nd7 5. Nf3 Ndf6 6. Neg5 Bg4 7.
Nxf7 Bxf3 8. Qxf3 Kxf7 9. Bc4+ e6 10. O-O Ne7 11. Qb3 Qc8 12. Bg5 Ned5 13. Qf3
Bd6 14. Bb3 h6 15. Bh4 b5 16. a4 Rf8 17. axb5 cxb5 18. Bxd5 exd5 19. Bxf6 gxf6
20. Qxd5+ Qe6 21. Qb7+ Kg8 22. Rfe1 Qf7 23. Qc6 Rfe8 24. Qxb5 Rxe1+ 25. Rxe1
Rb8 26. Qf5 Rxb2 27. g3 Qb7 28. c4 a5 29. d5 Qg7 30. Re4 Qf7 31. Rg4+ Kh8 32.
Rg6 Be5 33. Rxh6+ Kg8 34. Qc8+ 1-0

[Event "Flint (Class A/4)"]
[Site "?"]
[Date "1993.??.??"]
[Round "?"]
[White "Zacks, Naum"]
[Black "Robbins, Fred"]
[Result "0-1"]
[WhiteElo "1800"]
[BlackElo "1945"]
[PlyCount "70"]
[EventDate "1993.??.??"]

1. e4 Nf6 2. Bc4 Nxe4 3. Bxf7+ Kxf7 4. Qh5+ g6 5. Qd5+ e6 6. Qxe4 Bg7 7. Nf3
Rf8 8. d3 Qf6 9. Nc3 a6 10. Qc4 Nc6 11. Bg5 Qf5 12. Qh4 d6 13. O-O-O Qa5 14. d4
b5 15. Bh6 Kg8 16. Bxg7 Kxg7 17. d5 exd5 18. Nd4 Ne5 19. Rhe1 b4 20. Nb3 Qb6
21. Nxd5 Qxf2 22. g3 Bg4 23. Rxe5 Bxd1 24. Re7+ Rf7 25. Kxd1 Qf3+ 26. Ke1 Qxd5
27. Nd4 Rxe7+ 28. Qxe7+ Qf7 29. Ne6+ Kg8 30. Qxf7+ Kxf7 31. Nxc7 Rc8 32. Nxa6
Rxc2 33. Nxb4 Rxb2 34. a3 Rxh2 35. Kf1 Rb2 0-1

[Event "Gaylord (NMO/1/14)"]
[Site "?"]
[Date "1993.??.??"]
[Round "?"]
[White "Zacks, Naum"]
[Black "Foord, Larry"]
[Result "1-0"]
[WhiteElo "1800"]
[BlackElo "1605"]
[PlyCount "65"]
[EventDate "1993.??.??"]

{1/(14)} 1. e4 e5 2. d4 Nc6 3. d5 Nce7 4. Nf3 d6 5. c4 Nf6 6. Nc3 c6 7. Bg5
cxd5 8. Bxf6 gxf6 9. cxd5 a6 10. Nh4 Bh6 11. Qf3 Bg5 12. Nf5 Bxf5 13. exf5 Qb6
14. Bd3 Qxb2 15. O-O Qxc3 16. Bb5+ axb5 17. Qxc3 Rc8 18. Qa5 O-O 19. Qxb5 Rc5
20. Qd7 Nxd5 21. Qxd6 Rfc8 22. g3 Nc3 23. h4 Ne4 24. Qd3 Nd2 25. hxg5 Nxf1 26.
gxf6 Nxg3 27. Qxg3+ Kf8 28. Rb1 R8c7 29. Qg7+ Ke8 30. Qg8+ Kd7 31. Qxf7+ Kd8
32. Rd1+ Kc8 33. Qe8# 1-0

[Event "Gaylord (NMO/3/12)"]
[Site "?"]
[Date "1993.??.??"]
[Round "?"]
[White "Zacks, Naum"]
[Black "Cutler, C."]
[Result "1-0"]
[WhiteElo "1800"]
[BlackElo "1605"]
[PlyCount "81"]
[EventDate "1993.??.??"]

{3/(12)} 1. e4 c5 2. Nf3 Nc6 3. Nc3 e6 4. d4 cxd4 5. Nxd4 d5 6. Bb5 Nge7 7. O-O
a6 8. Ba4 b5 9. Bb3 Bb7 10. Bf4 dxe4 11. Nxe4 Nxd4 12. Nd6+ Kd7 13. Nxb7 Qb6
14. Nd6 Nd5 15. Bxd5 Bxd6 16. Bxa8 Bxf4 17. c3 Rxa8 18. cxd4 Rd8 19. Qf3 Bc7
20. Qxf7+ Kc8 21. Rac1 Qd6 22. g3 g6 23. Rfe1 Rd7 24. Qf3 Kb8 25. Rc6 Qb4 26.
Rexe6 Qxd4 27. Re8+ Bd8 28. Rxa6 Qd1+ 29. Qxd1 Rxd1+ 30. Kg2 Kb7 31. Rae6 Rd2
32. Re2 Rd5 33. R2e5 Rd2 34. Rxb5+ Bb6 35. Re6 Rxf2+ 36. Kh3 h5 37. Rbxb6+ Kc7
38. Rxg6 h4 39. Rbf6 hxg3 40. Rxf2 gxf2 41. Rf6 1-0

[Event "Flint (Class A/5)"]
[Site "?"]
[Date "1993.??.??"]
[Round "?"]
[White "Zacks, Naum"]
[Black "Bauerle, Paul"]
[Result "1-0"]
[WhiteElo "1800"]
[BlackElo "1930"]
[PlyCount "65"]
[EventDate "1993.??.??"]

1. e4 e6 2. d4 d5 3. Nc3 Bb4 4. e5 c5 5. a3 Bxc3+ 6. bxc3 Qc7 7. a4 Ne7 8. Bd3
Bd7 9. Nf3 Nbc6 10. O-O c4 11. Be2 O-O-O 12. a5 f6 13. Ba3 Rde8 14. Bd6 Qd8 15.
Nd2 Nf5 16. Bc5 fxe5 17. dxe5 h5 18. Bxc4 Nxe5 19. Be2 Qc7 20. Bxa7 Ng4 21. g3
Nxh2 22. Bb6 Qb8 23. a6 Bc6 24. a7 Qd6 25. a8=Q+ Kd7 26. Qa5 Nxg3 27. Bc7 Nxe2+
28. Qxe2 Qe7 29. Bxh2 Qg5+ 30. Bg3 Rc8 31. Ne4 Qg6 32. Nc5+ Ke7 33. Qxe6+ 1-0

[Event "Gaylord (NMO/5/5)"]
[Site "?"]
[Date "1993.??.??"]
[Round "?"]
[White "Zacks, Naum"]
[Black "Bailey, Greg"]
[Result "0-1"]
[WhiteElo "1800"]
[BlackElo "2060"]
[PlyCount "76"]
[EventDate "1993.??.??"]

{5/(5)} 1. e4 d6 2. Nc3 Nd7 3. Bc4 Ngf6 4. Nf3 c6 5. d4 b5 6. Bxf7+ Kxf7 7. e5
b4 8. Ng5+ Kg8 9. exf6 exf6 10. Nce4 d5 11. O-O fxg5 12. Nxg5 Nf6 13. Re1 h6
14. Ne6 Bxe6 15. Rxe6 Qd7 16. Rxf6 gxf6 17. Bf4 Re8 18. Qd3 Re7 19. Qf3 Kh7 20.
Qd3+ f5 21. Bg3 Rg8 22. f3 Re8 23. Rf1 Bg7 24. c3 bxc3 25. bxc3 Rgf8 26. Bf4
Qe6 27. Qa6 Rf7 28. Bg3 f4 29. Bh4 Qe3+ 30. Bf2 Qxc3 31. Qa4 Re2 32. Qd1 Rxf2
33. Rxf2 Bxd4 34. Qb1+ Kg7 35. h4 Qe3 36. Qc2 Rb7 37. Qxc6 Qxf2+ 38. Kh2 Qxh4#
0-1

[Event "East Lansing (MI Op/1a/14)"]
[Site "?"]
[Date "1993.??.??"]
[Round "?"]
[White "Zacks, Naum"]
[Black "Arganian, David G"]
[Result "0-1"]
[WhiteElo "1800"]
[BlackElo "2050"]
[PlyCount "54"]
[EventDate "1993.??.??"]

1. e4 e5 2. d4 exd4 3. Nf3 Nc6 4. Bc4 Nf6 5. e5 d5 6. Bb5 Ne4 7. Nxd4 Bd7 8.
Nf3 Nxe5 9. Bxd7+ Nxd7 10. Qxd5 Qe7 11. O-O O-O-O 12. Be3 Ndc5 13. Qc4 Qe6 14.
Qb5 Qa6 15. a4 Be7 16. b4 c6 17. Qxa6 Nxa6 18. b5 Bf6 19. c3 Nac5 20. bxc6 bxc6
21. Nd4 Bxd4 22. Bxd4 Nb3 23. Bxg7 Nxa1 24. Na3 Rhg8 25. Be5 Nb3 26. Nc4 Nbd2
27. Nxd2 Nxd2 0-1

[Event "Flint (MI Jr/3)"]
[Site "?"]
[Date "1993.??.??"]
[Round "?"]
[White "Young, O."]
[Black "Palmerton, W."]
[Result "0-1"]
[WhiteElo "1605"]
[BlackElo "1605"]
[PlyCount "56"]
[EventDate "1993.??.??"]

1. e4 e5 2. Qh5 Nf6 3. Qxe5+ Qe7 4. Qxc7 Qxe4+ 5. Ne2 Qc6 6. Qxc6 Nxc6 7. g3 h5
8. Bg2 Be7 9. Bxc6 bxc6 10. O-O h4 11. gxh4 Ba6 12. d3 Rxh4 13. Nf4 Rg4+ 14.
Kh1 Nd5 15. h3 Rh4 16. c4 Nxf4 17. Bxf4 Rxf4 18. Nc3 Rf6 19. Rae1 Bb7 20. Kh2
Rg6 21. Ne4 c5 22. Nxc5 O-O-O 23. Nxb7 Kxb7 24. Rxe7 f5 25. h4 Kc7 26. c5 Rh8
27. Kh3 Rg4 28. c6 Rhxh4# 0-1

[Event "Flint (Beg/4)"]
[Site "?"]
[Date "1993.??.??"]
[Round "?"]
[White "Young, O."]
[Black "Morris, D."]
[Result "1-0"]
[WhiteElo "1605"]
[BlackElo "1605"]
[PlyCount "25"]
[EventDate "1993.??.??"]

1. e4 e5 2. d3 Bc5 3. Qh5 Nf6 4. Qxe5+ Kf8 5. Qxc5+ d6 6. Qa3 Nc6 7. e5 Nd4 8.
Qa4 Bd7 9. Qxd4 Bg4 10. exf6 Qe8+ 11. Ne2 Be6 12. fxg7+ Kg8 13. gxh8=Q# 1-0

[Event "Gaylord (NMO/1/4)"]
[Site "?"]
[Date "1993.??.??"]
[Round "?"]
[White "Yahkind, Alex"]
[Black "Snuske, R."]
[Result "1-0"]
[WhiteElo "2040"]
[BlackElo "1605"]
[PlyCount "33"]
[EventDate "1993.??.??"]

{1/(4)} 1. e4 e5 2. Nf3 Nc6 3. d4 exd4 4. Nxd4 Bc5 5. Be3 Qf6 6. c3 Nge7 7. Qd2
Nxd4 8. cxd4 Bb6 9. Nc3 c6 10. f3 d6 11. Bc4 Be6 12. d5 Bxe3 13. Qxe3 Bd7 14.
O-O O-O 15. f4 Rfe8 16. Qd3 Ng6 17. Qd2 $138 1-0

[Event "Gaylord (NMO/3/2)"]
[Site "?"]
[Date "1993.??.??"]
[Round "?"]
[White "Yahkind, Alex"]
[Black "Shaune, M."]
[Result "1-0"]
[WhiteElo "2040"]
[BlackElo "1790"]
[PlyCount "55"]
[EventDate "1993.??.??"]

{3/(2)} 1. e4 e6 2. d4 d5 3. e5 Bd7 4. c4 dxc4 5. Bxc4 Bc6 6. Nf3 Ne7 7. O-O
Nd7 8. Nc3 Nb6 9. Bb3 Ng6 10. Ng5 Qd7 11. f4 h5 12. f5 Nh4 13. fxe6 fxe6 14.
Bxe6 Qd8 15. Nf7 Qe7 16. Nxh8 Nf3+ 17. Rxf3 Bxf3 18. Qxf3 Qxe6 19. Qxh5+ Kd7
20. Qf7+ Qxf7 21. Nxf7 c6 22. Bd2 Be7 23. Re1 Rh8 24. Bg5 Rh5 25. e6+ Ke8 26.
Bxe7 Kxe7 27. Ne4 Nd5 28. Ng3 1-0

[Event "East Lansing (May)"]
[Site "?"]
[Date "1993.??.??"]
[Round "?"]
[White "Wysocki, Marc"]
[Black "Pulsipher, D."]
[Result "1-0"]
[WhiteElo "1750"]
[BlackElo "1730"]
[PlyCount "70"]
[EventDate "1993.??.??"]

1. e4 c5 2. Nc3 Nc6 3. f4 d6 4. Nf3 g6 5. Bc4 e6 6. d4 cxd4 7. Nxd4 Bg7 8. Nxc6
bxc6 9. O-O Ne7 10. Be3 O-O 11. Rb1 Qc7 12. Ne2 Rb8 13. c3 Bd7 14. Qd2 d5 15.
Rfd1 Rfd8 16. exd5 exd5 17. Bd3 Nf5 18. Bf2 Re8 19. g4 Nd6 20. h3 Ne4 21. Bxe4
Rxe4 22. Bg3 Rbe8 23. Re1 Qb6+ 24. Bf2 Qa6 25. Ng3 Rxe1+ 26. Rxe1 Rxe1+ 27.
Qxe1 Bf8 28. a3 Qa5 29. Qe3 a6 30. Qa7 Bc8 31. Bb6 Qb5 32. b4 Qd3 33. Bf2 f5
34. Qc7 Be6 35. Qxc6 Bf7 1-0

[Event "Troy (TCC/X/2/7)"]
[Site "?"]
[Date "1993.??.??"]
[Round "?"]
[White "Wright, William"]
[Black "Townsend, Paul"]
[Result "1-0"]
[WhiteElo "2140"]
[BlackElo "1830"]
[PlyCount "97"]
[EventDate "1993.??.??"]

{2/(7)} 1. d4 e6 2. c4 f5 3. Nc3 Nf6 4. Bf4 d5 5. e3 c6 6. Nf3 Bd6 7. Bxd6 Qxd6
8. c5 Qe7 9. Be2 O-O 10. O-O Nbd7 11. b4 Ne4 12. Qc2 Nxc3 13. Qxc3 Nf6 14. Ne5
Ne4 15. Qc2 a6 16. a4 Bd7 17. Rab1 Rfc8 18. Rb3 Be8 19. Rfb1 Qc7 20. f3 Nf6 21.
Qb2 b5 22. cxb6 Qxb6 23. Rc1 Rab8 24. Rc5 Nd7 25. Nxd7 Bxd7 26. Ra5 Ra8 27. Qc3
Rc7 28. Qc5 Qxc5 29. bxc5 Bc8 30. Rb6 Kf7 31. Kf2 Ke7 32. Kg3 Kf6 33. h4 h6 34.
Kf4 g5+ 35. hxg5+ hxg5+ 36. Kg3 e5 37. Bb5 f4+ 38. Kf2 Bd7 39. Raxa6 Rxa6 40.
Bxa6 fxe3+ 41. Kxe3 exd4+ 42. Kxd4 Kf5 43. Bb7 Kf4 44. a5 Bc8 45. a6 Re7 46.
Bxc8 Ra7 47. Bb7 Kg3 48. Rxc6 Kxg2 49. Rg6 1-0

[Event "Troy (TCC/X/4/6)"]
[Site "?"]
[Date "1993.??.??"]
[Round "?"]
[White "Wright, William"]
[Black "Ball, Ed"]
[Result "1-0"]
[WhiteElo "2140"]
[BlackElo "2000"]
[PlyCount "47"]
[EventDate "1993.??.??"]

{4/(6)} 1. d4 c5 2. d5 e5 3. c4 d6 4. Nc3 g6 5. e4 Bg7 6. Bd3 Ne7 7. f4 f5 8.
Nf3 exf4 9. Bxf4 Bxc3+ 10. bxc3 fxe4 11. Bxe4 Bf5 12. Bxf5 Nxf5 13. O-O O-O 14.
Ng5 Qe7 15. Ne6 Rf7 16. Bg5 Qd7 17. Qe2 Na6 18. g4 Ng7 19. Rxf7 Qxf7 20. Rf1
Qd7 21. Bh6 Re8 22. Qf3 Nxe6 23. dxe6 Qe7 24. Qf7+ 1-0

[Event "Trenton (Mar)"]
[Site "?"]
[Date "1993.??.??"]
[Round "?"]
[White "Wright, Ken"]
[Black "Ridella, Dennis"]
[Result "1-0"]
[WhiteElo "1605"]
[BlackElo "1700"]
[PlyCount "85"]
[EventDate "1993.??.??"]

1. c4 Nf6 2. d4 e6 3. Nf3 b6 4. Bg5 Bb7 5. e3 Be7 6. Nbd2 h6 7. Bf4 Nc6 8. Bd3
Nh5 9. Be5 Nxe5 10. Nxe5 Nf6 11. O-O O-O 12. Rc1 d6 13. Ng4 c5 14. Nxf6+ Bxf6
15. Qg4 cxd4 16. exd4 Bg5 17. Rfd1 f5 18. Qe2 Qf6 19. Rc2 Rae8 20. Nb3 f4 21.
Be4 f3 22. Qxf3 Qxf3 23. gxf3 Bxe4 24. fxe4 Rf4 25. Re1 Ref8 26. Ree2 Rg4+ 27.
Kf1 Rff4 28. h3 Rh4 29. Kg2 Rxe4 30. Rxe4 Rxe4 31. Kg3 Re1 32. c5 bxc5 33. dxc5
dxc5 34. Nxc5 Kf7 35. Nd3 Rd1 36. Ne5+ Kf6 37. Ng4+ Kf5 38. Rc5+ Rd5 39. Rc3
Bf4+ 40. Kf3 e5 41. Ne3+ Bxe3 42. fxe3 g5 43. e4+ 1-0

[Event "Troy (TCC/DEU/3/2)"]
[Site "?"]
[Date "1993.??.??"]
[Round "?"]
[White "Wozniak, J."]
[Black "Huston, S."]
[Result "0-1"]
[WhiteElo "1605"]
[BlackElo "1605"]
[PlyCount "52"]
[EventDate "1993.??.??"]

{3/(2)} 1. e4 e5 2. Nf3 Nc6 3. d4 exd4 4. Nxd4 Nf6 5. Nc3 Bb4 6. Nxc6 bxc6 7.
Bd2 O-O 8. Bc4 Bxc3 9. Bxc3 Nxe4 10. Bb4 Re8 11. O-O d5 12. Bd3 Qf6 13. Bxe4
Rxe4 14. Re1 Bf5 15. c3 Rae8 16. Rxe4 Bxe4 17. f3 Bf5 18. Bc5 a6 19. Qa4 Bd3
20. Qa5 Qh4 21. Bf2 Qf4 22. Qc5 Re2 23. Qxc6 Qe5 24. Qa8+ Qe8 25. Qxd5 Bb5 26.
Bd4 Re1+ 0-1

[Event "Troy (TCC/DEU/1a/3)"]
[Site "?"]
[Date "1993.??.??"]
[Round "?"]
[White "Wozniak, J."]
[Black "Gaiefsky, S."]
[Result "1-0"]
[WhiteElo "1605"]
[BlackElo "1605"]
[PlyCount "81"]
[EventDate "1993.??.??"]

1. e4 g6 2. d4 Bg7 3. Nf3 d6 4. Bc4 Nf6 5. Nbd2 O-O 6. Qe2 Nc6 7. O-O e5 8. Nb3
d5 9. dxe5 Nxe4 10. Rd1 Bf5 11. Bxd5 Qe7 12. Bxe4 Bxe4 13. Qxe4 Rad8 14. Bf4
Rd7 15. Rxd7 Qxd7 16. Qd3 Qg4 17. Bg3 Rd8 18. Qb5 Nb4 19. Qxb7 Nxc2 20. Qxc7
Rc8 21. Qxa7 Nxa1 22. Qe3 Nxb3 23. axb3 Bh6 24. Qxh6 g5 25. h3 Rc1+ 26. Kh2 Qc8
27. Nxg5 Qf5 28. Ne6 Qxe6 29. Qxc1 Qxb3 30. Qc3 Qe6 31. b4 Qd7 32. Bh4 Qf5 33.
Bf6 h5 34. Qc7 Qf4+ 35. Kg1 Qd2 36. e6 Qe1+ 37. Kh2 Qxe6 38. Qd8+ Kh7 39. Qh8+
Kg6 40. Qg7+ Kf5 41. Qg5+ 1-0

[Event "Gaylord (NMO/5/20)"]
[Site "?"]
[Date "1993.??.??"]
[Round "?"]
[White "Worley, Ron"]
[Black "Morio, J."]
[Result "1-0"]
[WhiteElo "1605"]
[BlackElo "1605"]
[PlyCount "27"]
[EventDate "1993.??.??"]

{5/(20)} 1. Nf3 d5 2. g3 Nc6 3. Bg2 e5 4. d3 h6 5. O-O Nf6 6. Nbd2 Bf5 7. Re1
Qd7 8. c4 dxc4 9. Nxc4 O-O-O 10. Nfxe5 Nxe5 11. Nxe5 Qe6 12. Bf4 g5 13. Qb3
gxf4 14. Qxb7# 1-0

[Event "Gaylord (NMO/1/17)"]
[Site "?"]
[Date "1993.??.??"]
[Round "?"]
[White "Worley, Ron"]
[Black "Brown, Ralph"]
[Result "0-1"]
[WhiteElo "1605"]
[BlackElo "1745"]
[PlyCount "60"]
[EventDate "1993.??.??"]

{1/(17)} 1. Nf3 b6 2. g3 Bb7 3. Bg2 e5 4. d3 h6 5. O-O d6 6. Nbd2 Nd7 7. e4
Ngf6 8. Re1 Be7 9. c3 Nc5 10. Nf1 O-O 11. b4 Ne6 12. N3d2 Rc8 13. Bb2 Nd7 14.
d4 c6 15. h4 f5 16. exf5 Nc7 17. Qh5 Nf6 18. Qg6 exd4 19. Ne4 d5 20. Nxf6+ Bxf6
21. cxd4 Qd6 22. g4 Be7 23. Rxe7 Qxe7 24. f6 Rxf6 25. Qh5 Qe2 26. g5 Qxh5 27.
gxf6 g6 28. Ng3 Qxh4 29. Re1 Re8 30. Rxe8+ Nxe8 0-1

[Event "Flint (Class C/2)"]
[Site "?"]
[Date "1993.??.??"]
[Round "?"]
[White "Woolery, Bob"]
[Black "Waltz, Glenn"]
[Result "1-0"]
[WhiteElo "1605"]
[BlackElo "1605"]
[PlyCount "40"]
[EventDate "1993.??.??"]

1. g3 g6 2. Bg2 Bg7 3. Nf3 Nf6 4. d4 d5 5. c4 c6 6. cxd5 cxd5 7. Nc3 Nc6 8. O-O
O-O 9. a3 e6 10. Re1 Re8 11. Bg5 h6 12. Bxf6 Bxf6 13. e4 Bg7 14. exd5 exd5 15.
Rxe8+ Qxe8 16. Nxd5 Qd7 17. Ne5 Nxe5 18. dxe5 Bxe5 19. Qb3 Kg7 20. Re1 Qd6 1-0

[Event "Flint (Class C/4)"]
[Site "?"]
[Date "1993.??.??"]
[Round "?"]
[White "Woolery, Bob"]
[Black "Stockton, T."]
[Result "1/2-1/2"]
[WhiteElo "1605"]
[BlackElo "1605"]
[PlyCount "68"]
[EventDate "1993.??.??"]

1. g3 Nf6 2. Bg2 d5 3. Nf3 Nc6 4. d3 e5 5. Bg5 Bc5 6. Nbd2 h6 7. Bxf6 Qxf6 8.
c3 O-O 9. Qc2 Bf5 10. O-O a6 11. e4 dxe4 12. Nxe4 Bxe4 13. dxe4 Rfd8 14. Rad1
Rxd1 15. Rxd1 Rd8 16. Rxd8+ Qxd8 17. b4 Bb6 18. a4 Qd6 19. Nd2 Ne7 20. Nc4 Qe6
21. Nxb6 Qxb6 22. Qd3 Qd6 23. Qxd6 cxd6 24. Kf1 Kf8 25. Ke2 Ke8 26. Kd3 Kd7 27.
b5 a5 28. c4 b6 29. h4 g5 30. hxg5 hxg5 31. Bh3+ Kd8 32. Ke2 Ng8 33. Bf5 Nh6
34. Kf3 Ke7 1/2-1/2

[Event "Eastpointe (MI Action/3/21)"]
[Site "?"]
[Date "1993.??.??"]
[Round "?"]
[White "Woods, O."]
[Black "Zuniga, Jesus"]
[Result "0-1"]
[WhiteElo "1605"]
[BlackElo "1605"]
[PlyCount "66"]
[EventDate "1993.??.??"]

{3/(21)} 1. e4 c5 2. Nf3 Nc6 3. Nc3 g6 4. Bc4 Bg7 5. O-O e6 6. d3 Nge7 7. Be3
b6 8. Nb5 O-O 9. d4 cxd4 10. Nfxd4 d5 11. exd5 exd5 12. Bb3 Ba6 13. c3 Qd7 14.
c4 Bxb5 15. cxb5 Nxd4 16. Bxd4 Qxb5 17. Bxg7 Kxg7 18. Re1 Nf5 19. Bxd5 Rad8 20.
Re5 f6 21. Re2 Qxd5 22. Rd2 Qxd2 23. Qxd2 Rxd2 24. Rc1 Rxb2 25. h3 Rxa2 26.
Rc7+ Rf7 27. Rc1 a5 28. g4 Nh4 29. Kh2 Rxf2+ 30. Kg3 Rb2 31. Kxh4 Rb3 32. Ra1
g5+ 33. Kh5 Rxh3# 0-1